Stowaway / (Record no. 766)

MARC details
000 -LEADER
fixed length control field 01027cam a2200289 a 4500
005 - DATE AND TIME OF LATEST TRANSACTION
control field 20230706145926.0
020 ## - INTERNATIONAL STANDARD BOOK NUMBER
International Standard Book Number 0689839871
040 ## - CATALOGING SOURCE
Original cataloging agency DLC
Transcribing agency DLC
Modifying agency DLC
Language of cataloging eng
050 00 - LIBRARY OF CONGRESS CALL NUMBER
Classification number PZ7.H4364
Item number St 2000
082 00 - DEWEY DECIMAL CLASSIFICATION NUMBER
Classification number [Fic]
Edition number 21
100 1# - MAIN ENTRY--PERSONAL NAME
Personal name Hesse, Karen.
245 10 - TITLE STATEMENT
Title Stowaway /
Statement of responsibility, etc. Karen Hesse ; with drawings by Robert Andrew Parker.
260 ## - PUBLICATION, DISTRIBUTION, ETC.
Place of publication, distribution, etc. New York :
Name of publisher, distributor, etc. Margaret K. McElderry Books,
Date of publication, distribution, etc. 2000.
300 ## - PHYSICAL DESCRIPTION
Extent 319 pages.5 unnumbered pages, maps ;
Dimensions 24 cm.
505 ## - FORMATTED CONTENTS NOTE
Formatted contents note S <br/>
520 ## - SUMMARY, ETC.
Summary, etc. A fictionalized journal relates the experiences of a young stowaway from 1768 to 1771 aboard the Endeavor which sailed around the world under Captain James Cook.
521 ## - TARGET AUDIENCE NOTE
Target audience note 790 <br/>
Source Lexile <br/>
521 ## - TARGET AUDIENCE NOTE
Target audience note S <br/>
Source Raz-Plus <br/>
650 #1 - SUBJECT ADDED ENTRY--TOPICAL TERM
Topical term or geographic name entry element Voyages around the world
Form subdivision Fiction.
650 #1 - SUBJECT ADDED ENTRY--TOPICAL TERM
Topical term or geographic name entry element Sea stories.
650 #1 - SUBJECT ADDED ENTRY--TOPICAL TERM
Topical term or geographic name entry element Diaries
Form subdivision Fiction.
700 1# - ADDED ENTRY--PERSONAL NAME
Personal name Parker, Robert Andrew,
Relator term ilustrations.
906 ## - LOCAL DATA ELEMENT F, LDF (RLIN)
a 7
b cbc
c orignew
d 1
e ocip
f 20
g y-gencatlg
942 ## - ADDED ENTRY ELEMENTS (KOHA)
Source of classification or shelving scheme Dewey Decimal Classification
Koha item type Books
Suppress in OPAC No
999 ## -
-- 766
-- 766
Holdings
Withdrawn status Lost status Source of classification or shelving scheme Damaged status Not for loan Collection Home library Current library Shelving location Date acquired Total Checkouts Full call number Barcode Date last seen Date last checked out Copy number Price effective from Koha item type
    Dewey Decimal Classification     Fiction Footprints International School Library Network Toul Kork Campus Footprints International School Library Network Toul Kork Campus TTP Secondary Fiction Bookshelves 07/06/2023 1 HES Fic PZ7.H4364 FISSE00701 03/05/2025 03/03/2025 1 07/06/2023 Books
    Dewey Decimal Classification     Fiction Footprints International School Library Network Toul Kork Campus Footprints International School Library Network Toul Tom Poung Campus TTP Secondary Fiction Bookshelves 03/18/2024 3 HES Fic PZ7.H4364 2024-0357 03/31/2026 03/02/2026 2 03/18/2024 Books